Statistics for How Fast Can You Type These Words #4

Click here to take the quiz!

General Stats

  • This quiz has been taken 88 times
  • The average score is 5 of 5

Answer Stats

HintAnswer% Correct
IssueIssue
100%
EczemaEczema
96%
CarrotCarrot
91%
KiteKite
89%
WatermelonWatermelon
80%

Score Distribution

Percentile by Number Answered

Percent of People with Each Score

Your Score History

You have not taken this quiz